[Event "3MCR_4D_2LB_4S"]
[Site "?"]
[Date "1999.??.??"]
[Round "4"]
[White "Turner, Jan"]
[Black "Rachunek, Martin"]
[Result "0-1"]
[WhiteElo "2200"]
[BlackElo "2000"]
[PlyCount "30"]
[EventDate "1999.??.??"]
[EventType "corr"]

1. g3 d5 2. Bg2 c6 3. Nf3 Nf6 4. O-O Bg4 5. d3 Nbd7 6. Nbd2 e5 7. e4 dxe4 8.
dxe4 Bc5 9. Qe1 O-O 10. Kh1 Qe7 11. Nh4 Qe6 12. f4 exf4 13. gxf4 Rfe8 14. Qg3
Be2 15. Re1 Nh5 0-1

[Event "3MCR_4D_2LB_4S"]
[Site "?"]
[Date "1999.??.??"]
[Round "4"]
[White "Prochazka, David"]
[Black "Kolomaznik, Milan"]
[Result "1-0"]
[WhiteElo "1800"]
[BlackElo "1800"]
[PlyCount "53"]
[EventDate "1999.??.??"]
[EventType "corr"]

1. d4 Nf6 2. Nf3 g6 3. Bf4 Bg7 4. e3 Nh5 5. Be5 f6 6. Bg3 Nxg3 7. hxg3 d6 8.
Nc3 e5 9. Qd3 Bf5 10. e4 Bg4 11. Qb5+ Nd7 12. Qxb7 Rb8 13. Qxa7 Rxb2 14. Nb5
O-O 15. O-O-O Rxb5 16. Bxb5 exd4 17. Bc4+ Kh8 18. Nxd4 Nb6 19. Ne6 Bxe6 20.
Bxe6 Qe7 21. Bb3 f5 22. exf5 Qf6 23. Qxc7 d5 24. Rhe1 gxf5 25. Re7 Nc4 26. Bxc4
Qb2+ 27. Kd2 1-0

[Event "3MCR_4D_2LB_4S"]
[Site "?"]
[Date "1999.??.??"]
[Round "4"]
[White "Kolomaznik, Milan"]
[Black "Pech, Jaroslav st"]
[Result "0-1"]
[WhiteElo "1800"]
[BlackElo "2000"]
[PlyCount "32"]
[EventDate "1999.??.??"]
[EventType "corr"]

1. c4 Nf6 2. Nc3 e5 3. Nf3 Nc6 4. d4 exd4 5. Nb5 d5 6. Nbxd4 Nxd4 7. Qxd4 Bb4+
8. Bd2 Bxd2+ 9. Qxd2 O-O 10. O-O-O c6 11. cxd5 Ne4 12. Qd4 Qxd5 13. Qb4 a5 14.
Qxf8+ Kxf8 15. Rxd5 cxd5 16. g3 Bf5 0-1

[Event "3MCR_4D_2LB_4S"]
[Site "?"]
[Date "1999.??.??"]
[Round "4"]
[White "Lehovcova, Jana"]
[Black "Novak, Vaclav I"]
[Result "0-1"]
[WhiteElo "1600"]
[BlackElo "1800"]
[PlyCount "28"]
[EventDate "1999.??.??"]
[EventType "corr"]

1. e4 e5 2. Nf3 Nc6 3. d4 exd4 4. Nxd4 Bc5 5. Nf5 d6 6. Nc3 Bxf5 7. exf5 Qh4 8.
g3 Qf6 9. Nd5 Qxf5 10. Qe2+ Kf8 11. Nxc7 Rc8 12. Nb5 a6 13. Nc3 Nd4 14. g4 Qg6
0-1

[Event "3MCR_4D_2LB_4S"]
[Site "?"]
[Date "1999.??.??"]
[Round "4"]
[White "Glaser, Karel"]
[Black "Kolomaznik, Milan"]
[Result "1-0"]
[WhiteElo "1865"]
[BlackElo "1800"]
[PlyCount "55"]
[EventDate "1999.??.??"]
[EventType "corr"]

1. e4 e5 2. Nf3 Nc6 3. c3 Nf6 4. d4 Nxe4 5. dxe5 Bc5 6. Qd5 Nxf2 7. Qxc5 Nxh1
8. Bb5 Qe7 9. Qxe7+ Nxe7 10. Kf1 O-O 11. Kg1 Ng3 12. hxg3 Ng6 13. Bf4 a5 14.
Na3 c6 15. Bd3 b5 16. Nc2 Nxf4 17. gxf4 f6 18. exf6 Rxf6 19. g3 d5 20. Re1 Re6
21. Bxh7+ Kh8 22. Rxe6 Bxe6 23. Bd3 Bd7 24. Ne5 Be8 25. Nd4 Rc8 26. Bg6 c5 27.
Bf5 Rb8 28. Ne6 1-0

[Event "3MCR_4D_2LB_4S"]
[Site "?"]
[Date "1999.??.??"]
[Round "4"]
[White "Glaser, Karel"]
[Black "Prochazka, David"]
[Result "1-0"]
[WhiteElo "1865"]
[BlackElo "1800"]
[PlyCount "53"]
[EventDate "1999.??.??"]
[EventType "corr"]

1. e4 e5 2. Nf3 Nf6 3. Nxe5 d6 4. Nf3 Nxe4 5. d4 d5 6. Bd3 Bd6 7. O-O O-O 8. c4
c6 9. Qc2 Na6 10. Bxe4 dxe4 11. Qxe4 Re8 12. Qd3 Bg4 13. Ng5 g6 14. Qb3 Be7 15.
h3 Be2 16. Nxf7 Qxd4 17. Nh6+ Kg7 18. Re1 Qxc4 19. Qg3 Bd3 20. Ng4 Bf8 21. Bh6+
Kh8 22. Rxe8 Rxe8 23. Bxf8 Qc1+ 24. Kh2 Qxb2 25. Qxd3 Rxf8 26. Qc3+ Qxc3 27.
Nxc3 1-0

[Event "3MCR_4D_2LB_4S"]
[Site "?"]
[Date "1999.??.??"]
[Round "4"]
[White "Glaser, Karel"]
[Black "Basta, Josef"]
[Result "1-0"]
[WhiteElo "1865"]
[BlackElo "1600"]
[PlyCount "31"]
[EventDate "1999.??.??"]
[EventType "corr"]

1. e4 e5 2. Nf3 Nc6 3. c3 d5 4. Qa4 Qd6 5. Bb5 Bd7 6. exd5 Qxd5 7. O-O Bd6 8.
Re1 Nf6 9. Bc4 Ne7 10. Qb3 Qc5 11. Bxf7+ Kd8 12. d3 Ng4 13. Re2 Bc6 14. Ng5 Nd5
15. Ne6+ Ke7 16. Nxc5 1-0

[Event "3MCR_4D_2LB_4S"]
[Site "?"]
[Date "1999.??.??"]
[Round "4"]
[White "Lehovcova, Jana"]
[Black "Rachunek, Martin"]
[Result "0-1"]
[WhiteElo "1600"]
[BlackElo "2000"]
[PlyCount "52"]
[EventDate "1999.??.??"]
[EventType "corr"]

1. e4 e5 2. Nf3 Nc6 3. d4 exd4 4. Nxd4 Bc5 5. Nxc6 Qf6 6. Qe2 dxc6 7. e5 Qf5 8.
f4 Qg6 9. Qc4 Bb6 10. Nd2 Be6 11. Qa4 Bd5 12. Nf3 O-O-O 13. c3 Bxf3 14. gxf3
Qh5 15. Ke2 f6 16. Be3 Bxe3 17. Kxe3 fxe5 18. fxe5 Qxe5+ 19. Qe4 Qc5+ 20. Ke2
Nf6 21. Bh3+ Kb8 22. Qc2 Rhe8+ 23. Kf1 Qc4+ 24. Kf2 Qh4+ 25. Kg2 Nd5 26. Kg1
Nf4 0-1

[Event "3MCR_4D_2LB_4S"]
[Site "?"]
[Date "1999.??.??"]
[Round "4"]
[White "Chvojka, Jaroslav"]
[Black "Lehovcova, Jana"]
[Result "1-0"]
[WhiteElo "2065"]
[BlackElo "1600"]
[PlyCount "43"]
[EventDate "1999.??.??"]
[EventType "corr"]

1. d4 d5 2. c4 dxc4 3. Nf3 Nf6 4. e3 e6 5. Bxc4 c5 6. O-O Nc6 7. dxc5 Qa5 8.
Nc3 Bxc5 9. Bd2 Bb4 10. a3 Bxc3 11. Bxc3 Qc7 12. Bxf6 gxf6 13. Qd3 Bd7 14. Rac1
O-O 15. Rfd1 Rad8 16. Qe4 f5 17. Qh4 f6 18. Nd4 Qe5 19. Nxf5 Kh8 20. Nd6 Na5
21. Bd3 f5 22. Qxd8 1-0

[Event "3MCR_4D_2LB_4S"]
[Site "?"]
[Date "1999.??.??"]
[Round "4"]
[White "Basta, Josef"]
[Black "Lehovcova, Jana"]
[Result "0-1"]
[WhiteElo "1600"]
[BlackElo "1600"]
[PlyCount "26"]
[EventDate "1999.??.??"]
[EventType "corr"]

1. e4 e5 2. Nf3 Nc6 3. Bb5 a6 4. Ba4 Nf6 5. Nc3 b5 6. Bb3 d6 7. O-O Na5 8. d4
exd4 9. Nxd4 c5 10. Ndxb5 axb5 11. Nxb5 Nxb3 12. Qf3 Nxa1 13. Re1 Nxc2 0-1

[Event "3MCR_4D_2LB_4S"]
[Site "?"]
[Date "1999.??.??"]
[Round "4"]
[White "Zvolanek, Jan"]
[Black "Jirk, Ales"]
[Result "1/2-1/2"]
[WhiteElo "1800"]
[BlackElo "1800"]
[PlyCount "25"]
[EventDate "1999.??.??"]
[EventType "corr"]

1. e4 e6 2. d4 d5 3. e5 c5 4. c3 Bd7 5. Nf3 Nc6 6. Be2 f6 7. O-O fxe5 8. Nxe5
Nxe5 9. dxe5 Qc7 10. c4 O-O-O 11. cxd5 Qxe5 12. Bf3 exd5 13. Qxd5 1/2-1/2

[Event "3MCR_4D_2LB_4S"]
[Site "?"]
[Date "1999.??.??"]
[Round "4"]
[White "Novak, Vaclav I"]
[Black "Glaser, Karel"]
[Result "1-0"]
[WhiteElo "1800"]
[BlackElo "1865"]
[PlyCount "49"]
[EventDate "1999.??.??"]
[EventType "corr"]

1. e4 e5 2. f4 exf4 3. Bc4 d5 4. Bxd5 Qh4+ 5. Kf1 Bd6 6. d4 Ne7 7. Nf3 Qg4 8.
Bc4 O-O 9. h3 Qg6 10. e5 Bb4 11. c3 Ba5 12. Bxf4 Be6 13. Nbd2 Nbc6 14. Kf2 Bxc4
15. Nxc4 Nd5 16. Bd2 b5 17. Nxa5 Nxa5 18. b3 Nb7 19. Qb1 Qc6 20. c4 bxc4 21.
bxc4 Nb6 22. Rc1 Rab8 23. d5 Qa4 24. Ng5 f5 25. Qb4 1-0

[Event "3MCR_4D_2LB_4S"]
[Site "?"]
[Date "1999.??.??"]
[Round "4"]
[White "Glaser, Karel"]
[Black "Chvojka, Jaroslav"]
[Result "1/2-1/2"]
[WhiteElo "1865"]
[BlackElo "2065"]
[PlyCount "79"]
[EventDate "1999.??.??"]
[EventType "corr"]

1. e4 c6 2. d4 d5 3. Nc3 dxe4 4. Nxe4 Bf5 5. Ng3 Bg6 6. h4 h6 7. Nf3 Nd7 8. h5
Bh7 9. Bd3 Bxd3 10. Qxd3 Ngf6 11. Bf4 e6 12. O-O Nd5 13. Be5 Nxe5 14. dxe5 Qb6
15. c4 Nb4 16. Qb3 O-O-O 17. Rfd1 Be7 18. a3 Nd5 19. Qa4 Nc7 20. b4 f5 21. Ne2
Rhe8 22. Ned4 c5 23. bxc5 Bxc5 24. Rab1 Qa6 25. Qxa6 Nxa6 26. Nb5 Rxd1+ 27.
Rxd1 Rf8 28. Kf1 Nc7 29. a4 Nxb5 30. cxb5 Rd8 31. Rxd8+ Kxd8 32. Ke2 a6 33. Nd2
Kc7 34. Nc4 axb5 35. axb5 Bd4 36. f3 Bc5 37. g4 fxg4 38. fxg4 Bd4 39. Kd3 Bc5
40. Nd2 1/2-1/2

[Event "3MCR_4D_2LB_4S"]
[Site "?"]
[Date "1999.??.??"]
[Round "4"]
[White "Lehovcova, Jana"]
[Black "Turner, Jan"]
[Result "1-0"]
[WhiteElo "1600"]
[BlackElo "2200"]
[PlyCount "33"]
[EventDate "1999.??.??"]
[EventType "corr"]

1. e4 Nf6 2. Nc3 d5 3. e5 d4 4. Nce2 Ng4 5. Nf3 Nc6 6. c3 dxc3 7. bxc3 Ngxe5 8.
Nxe5 Nxe5 9. Qa4+ Qd7 10. Qxd7+ Bxd7 11. Nf4 e6 12. d4 Ng6 13. Nxg6 hxg6 14.
Be2 Bc6 15. O-O Bd6 16. g3 b5 17. Bd3 1-0

[Event "3MCR_4D_2LB_4S"]
[Site "?"]
[Date "1999.??.??"]
[Round "4"]
[White "Zvolanek, Jan"]
[Black "Novak, Vaclav I"]
[Result "0-1"]
[WhiteElo "1800"]
[BlackElo "1800"]
[PlyCount "62"]
[EventDate "1999.??.??"]
[EventType "corr"]

1. e4 e5 2. Bc4 Nf6 3. d4 exd4 4. Nf3 Nc6 5. Ng5 Ne5 6. Qxd4 Nxc4 7. Qxc4 d5 8.
exd5 Qxd5 9. Qe2+ Be7 10. O-O h6 11. Nc3 Qc5 12. Be3 Qc6 13. Nf3 Bg4 14. Qb5
Bxf3 15. gxf3 Qxb5 16. Nxb5 O-O 17. Nxc7 Rac8 18. Bf4 Bd8 19. Nb5 Rxc2 20. Be5
Rc5 21. Bxf6 Bxf6 22. Nd6 Rc2 23. Nxb7 Rb8 24. Nd6 Rbxb2 25. Ne4 Bd4 26. Rad1
Bb6 27. a4 Ra2 28. Ra1 Bxf2+ 29. Nxf2 Rxf2 30. Rxf2 Rxa1+ 31. Kg2 Rxa4 0-1

[Event "3MCR_4D_2LB_4S"]
[Site "?"]
[Date "1999.??.??"]
[Round "4"]
[White "Jirk, Ales"]
[Black "Kolomaznik, Milan"]
[Result "1-0"]
[WhiteElo "1800"]
[BlackElo "1800"]
[PlyCount "33"]
[EventDate "1999.??.??"]
[EventType "corr"]

1. e4 e5 2. Nf3 Nc6 3. Bb5 Nd4 4. Nxd4 exd4 5. O-O c6 6. Bc4 d6 7. d3 Nf6 8.
Re1 Be7 9. c3 dxc3 10. Nxc3 O-O 11. d4 b5 12. Bd3 Bb7 13. Qc2 a5 14. e5 dxe5
15. dxe5 g6 16. exf6 Bxf6 17. Bh6 1-0

[Event "3MCR_4D_2LB_4S"]
[Site "?"]
[Date "1999.??.??"]
[Round "4"]
[White "Jirk, Ales"]
[Black "Glaser, Karel"]
[Result "1-0"]
[WhiteElo "1800"]
[BlackElo "1865"]
[PlyCount "57"]
[EventDate "1999.??.??"]
[EventType "corr"]

1. e4 e5 2. Nf3 Nc6 3. Bb5 a6 4. Ba4 Nf6 5. O-O Nxe4 6. d4 b5 7. Bb3 d5 8. dxe5
Be6 9. Nbd2 Be7 10. c3 O-O 11. Bc2 f5 12. Nd4 Nxd4 13. cxd4 c5 14. dxc5 Bxc5
15. Nb3 Ba7 16. Nd4 Qe8 17. Be3 Rf7 18. Bb3 Rd8 19. Rc1 h6 20. Nxe6 Qxe6 21.
Bxa7 Rxa7 22. Qd4 Rad7 23. a4 bxa4 24. Bxa4 Rb7 25. Bc6 Rc7 26. Qb6 Rcc8 27. f3
Ng5 28. Qxa6 Rb8 29. f4 1-0

[Event "3MCR_4D_2LB_4S"]
[Site "?"]
[Date "1999.??.??"]
[Round "4"]
[White "Glaser, Karel"]
[Black "Zvolanek, Jan"]
[Result "1/2-1/2"]
[WhiteElo "1865"]
[BlackElo "1800"]
[PlyCount "71"]
[EventDate "1999.??.??"]
[EventType "corr"]

1. e4 d5 2. exd5 Qxd5 3. Nc3 Qa5 4. d4 Nf6 5. Nf3 Nc6 6. Bd2 Bg4 7. Bb5 O-O-O
8. Bxc6 bxc6 9. h3 Qh5 10. Qe2 Bxf3 11. gxf3 Kb7 12. Qe3 Nd5 13. Nxd5 Qxd5 14.
Qb3+ Qxb3 15. axb3 g6 16. c3 Bg7 17. Be3 Rd5 18. Ra4 Rf5 19. Ke2 a6 20. Rha1
Ra8 21. Ra5 Rb5 22. b4 e5 23. dxe5 Bxe5 24. f4 Bd6 25. Kd3 f5 26. R5a2 g5 27.
fxg5 f4 28. Bc5 Bxc5 29. bxc5 Rxc5 30. Ra5 Rd8+ 31. Ke2 Rb5 32. R1a2 Rdd5 33.
Rxa6 Rxg5 34. Kf3 Rh5 35. Ra7+ Kc8 36. Kxf4 1/2-1/2

[Event "3MCR_4D_2LB_4S"]
[Site "?"]
[Date "1999.??.??"]
[Round "4"]
[White "Kolomaznik, Milan"]
[Black "Rachunek, Martin"]
[Result "0-1"]
[WhiteElo "1800"]
[BlackElo "2000"]
[PlyCount "62"]
[EventDate "1999.??.??"]
[EventType "corr"]

1. c4 Nf6 2. Nc3 e6 3. e4 c5 4. Nf3 Nc6 5. g3 d5 6. e5 Ne4 7. cxd5 exd5 8. d3
Nxc3 9. bxc3 Be7 10. d4 O-O 11. Be2 Bf5 12. O-O c4 13. Nd2 Qa5 14. Bb2 Be6 15.
Qc2 g6 16. Nf3 Bf5 17. Qd2 a6 18. Qh6 Rae8 19. Nh4 Bxh4 20. Qxh4 f6 21. g4 Bc8
22. f4 fxe5 23. f5 exd4 24. fxg6 hxg6 25. Qh6 Ne5 26. cxd4 Qb6 27. Bc3 Nxg4 28.
Bxg4 Bxg4 29. Qg5 Qe6 30. Rxf8+ Rxf8 31. Rd1 Bxd1 0-1

[Event "3MCR_4D_2LB_4S"]
[Site "?"]
[Date "1999.??.??"]
[Round "4"]
[White "Zvolanek, Jan"]
[Black "Lehovcova, Jana"]
[Result "1-0"]
[WhiteElo "1800"]
[BlackElo "1600"]
[PlyCount "47"]
[EventDate "1999.??.??"]
[EventType "corr"]

1. e4 c5 2. Nf3 d6 3. d4 cxd4 4. Nxd4 Nf6 5. Nc3 a6 6. Be2 e6 7. O-O Be7 8. Be3
Qc7 9. f4 Nbd7 10. Bf3 Rb8 11. a4 O-O 12. a5 Rd8 13. Qe1 b6 14. e5 d5 15. exf6
Nxf6 16. axb6 Qxb6 17. Nb3 d4 18. Nxd4 Rxd4 19. Qf2 Bc5 20. Na4 Rxa4 21. Bxc5
Qa5 22. b4 Rxa1 23. bxa5 Rbb1 24. Be2 1-0

[Event "3MCR_4D_2LB_4S"]
[Site "?"]
[Date "1999.??.??"]
[Round "4"]
[White "Zvolanek, Jan"]
[Black "Turner, Jan"]
[Result "0-1"]
[WhiteElo "1800"]
[BlackElo "2200"]
[PlyCount "68"]
[EventDate "1999.??.??"]
[EventType "corr"]

1. e4 Nf6 2. e5 Nd5 3. d4 d6 4. c4 Nb6 5. f4 dxe5 6. fxe5 c5 7. d5 e6 8. Nc3
exd5 9. cxd5 c4 10. Nf3 Bb4 11. Bxc4 Bxc3+ 12. bxc3 Nxc4 13. Qa4+ Nd7 14. Qxc4
Nb6 15. Qb5+ Qd7 16. Qxd7+ Bxd7 17. d6 Rc8 18. O-O Rxc3 19. Bd2 Rd3 20. Ba5 Nc4
21. Bc7 b5 22. Bb8 a6 23. Rfd1 Rxd1+ 24. Rxd1 Be6 25. d7+ Bxd7 26. Bd6 Bg4 27.
Bc7 O-O 28. Rd4 Bxf3 29. gxf3 h6 30. Bd6 Rd8 31. Kf2 f6 32. f4 Kf7 33. Kf3 Ke6
34. Ke4 f5+ 0-1

[Event "3MCR_4D_2LB_4S"]
[Site "?"]
[Date "1999.??.??"]
[Round "4"]
[White "Kolomaznik, Milan"]
[Black "Zvolanek, Jan"]
[Result "0-1"]
[WhiteElo "1800"]
[BlackElo "1800"]
[PlyCount "64"]
[EventDate "1999.??.??"]
[EventType "corr"]

1. c4 e5 2. Nf3 Nc6 3. d4 exd4 4. Nxd4 Bb4+ 5. Bd2 Be7 6. Nxc6 bxc6 7. e4 Nf6
8. e5 Ne4 9. Qg4 Ng5 10. f4 d5 11. Qe2 Ne4 12. g3 Bc5 13. Bg2 Bf5 14. Nc3 Nf2
15. Be3 Nd3+ 16. Kf1 d4 17. Bxc6+ Kf8 18. g4 Be6 19. Nd5 dxe3 20. Bxa8 Qh4 21.
Nxe3 Nxf4 22. Qf3 Bxe3 23. Bd5 Nxd5 24. cxd5 Bxd5 25. Qxe3 Bxh1 26. Qxa7 Qd8
27. Ke2 Bd5 28. Rc1 c6 29. Rc3 g5 30. Kf2 Qe7 31. Qd4 Kg7 32. a4 Rb8 0-1

[Event "3MCR_4D_2LB_4S"]
[Site "?"]
[Date "1999.??.??"]
[Round "4"]
[White "Basta, Josef"]
[Black "Chvojka, Jaroslav"]
[Result "0-1"]
[WhiteElo "1600"]
[BlackElo "2065"]
[PlyCount "54"]
[EventDate "1999.??.??"]
[EventType "corr"]

1. e4 c6 2. Nc3 d5 3. d4 dxe4 4. Nxe4 Bf5 5. Ng3 Bg6 6. Nf3 Nd7 7. Bc4 Nb6 8.
Bd3 Nf6 9. Bxg6 hxg6 10. O-O e6 11. b3 Bd6 12. Ne5 c5 13. Re1 cxd4 14. Qxd4 Rc8
15. c4 Bb4 16. Qxd8+ Rxd8 17. Re2 Rd1+ 18. Nf1 Bc3 19. Rb1 Bxe5 20. Rxe5 Ng4
21. Re2 Nxh2 22. g3 Nxf1 23. Kg2 Rh2+ 24. Kf3 Nd7 25. Reb2 Rh1 26. Ke2 Nh2 27.
f4 Nc5 0-1

[Event "3MCR_4D_2LB_4S"]
[Site "?"]
[Date "1999.??.??"]
[Round "4"]
[White "Jirk, Ales"]
[Black "Basta, Josef"]
[Result "1-0"]
[WhiteElo "1800"]
[BlackElo "1600"]
[PlyCount "31"]
[EventDate "1999.??.??"]
[EventType "corr"]

1. e4 e5 2. Nf3 Nc6 3. Bb5 Nf6 4. O-O a6 5. Ba4 Nxe4 6. d4 b5 7. Bb3 d5 8. dxe5
Be6 9. Nbd2 Nc5 10. c3 d4 11. Bxe6 Nxe6 12. cxd4 Ncxd4 13. a4 Nxf3+ 14. Qxf3 b4
15. Qc6+ Ke7 16. Ne4 1-0

[Event "3MCR_4D_2LB_4S"]
[Site "?"]
[Date "1999.??.??"]
[Round "4"]
[White "Novak, Vaclav I"]
[Black "Jirusek, Zdenek"]
[Result "1-0"]
[WhiteElo "1800"]
[BlackElo "1990"]
[PlyCount "33"]
[EventDate "1999.??.??"]
[EventType "corr"]

1. e4 e5 2. f4 d5 3. exd5 e4 4. d3 Nf6 5. Qe2 Bg4 6. Nf3 Qxd5 7. Nbd2 Bf5 8.
dxe4 Nxe4 9. c4 Qa5 10. g4 Be7 11. gxf5 Nxd2 12. Bxd2 Qxf5 13. Rg1 Nc6 14. Rxg7
O-O-O 15. Rg3 Kb8 16. Bh3 Qc2 17. Bc3 1-0

[Event "3MCR_4D_2LB_4S"]
[Site "?"]
[Date "1999.??.??"]
[Round "4"]
[White "Novak, Vaclav I"]
[Black "Kolomaznik, Milan"]
[Result "1-0"]
[WhiteElo "1800"]
[BlackElo "1800"]
[PlyCount "69"]
[EventDate "1999.??.??"]
[EventType "corr"]

1. e4 e5 2. f4 d5 3. exd5 e4 4. d3 exd3 5. Qxd3 Nf6 6. Nc3 Bc5 7. Bd2 O-O 8.
O-O-O Ng4 9. Nh3 g6 10. Be2 Bf5 11. Qb5 Nd7 12. Bxg4 Bxg4 13. Rde1 Bd4 14. Qd3
Bg7 15. Nf2 Bf5 16. Qb5 Nb6 17. g4 Bd7 18. Qd3 Qh4 19. Qg3 Qf6 20. Nfe4 Qd4 21.
Be3 Qc4 22. b3 Qa6 23. f5 Qa3+ 24. Kd1 Bxc3 25. Nxc3 f6 26. fxg6 hxg6 27. g5
Qb4 28. gxf6 Bg4+ 29. Kc1 Rxf6 30. Bxb6 Rf3 31. Bc5 Qxc3 32. Qxg4 Qa1+ 33. Kd2
Qc3+ 34. Kd1 Rd3+ 35. cxd3 1-0

[Event "3MCR_4D_2LB_4S"]
[Site "?"]
[Date "1999.??.??"]
[Round "4"]
[White "Novak, Vaclav I"]
[Black "Jech, Milos"]
[Result "1-0"]
[WhiteElo "1800"]
[BlackElo "1800"]
[PlyCount "61"]
[EventDate "1999.??.??"]
[EventType "corr"]

1. e4 c5 2. Nf3 Nc6 3. Bb5 g6 4. d4 Bg7 5. Be3 Qb6 6. Nc3 cxd4 7. Nd5 Qd8 8.
Nxd4 e5 9. Nf3 Nf6 10. Bg5 h6 11. Bxf6 Bxf6 12. Nxf6+ Qxf6 13. Qd5 O-O 14. Rd1
Re8 15. O-O a6 16. Ba4 Qf4 17. c4 Re6 18. Rfe1 f5 19. c5 Kh8 20. exf5 gxf5 21.
Bb3 d6 22. cxd6 Bd7 23. g3 Qb4 24. a3 Qg4 25. Nxe5 Nxe5 26. Rxe5 Rxe5 27. Qxe5+
Qg7 28. Qxg7+ Kxg7 29. Bd5 a5 30. Rd2 Rb8 31. b4 1-0

[Event "3MCR_4D_2LB_4S"]
[Site "?"]
[Date "1999.??.??"]
[Round "4"]
[White "Pech, Jaroslav st"]
[Black "Glaser, Karel"]
[Result "0-1"]
[WhiteElo "2000"]
[BlackElo "1865"]
[PlyCount "50"]
[EventDate "1999.??.??"]
[EventType "corr"]

1. Nf3 Nf6 2. b3 d5 3. Bb2 e6 4. g3 Be7 5. Bg2 O-O 6. O-O c5 7. d3 Nc6 8. Nbd2
Qc7 9. c4 d4 10. e4 e5 11. a3 Bg4 12. h3 Bd7 13. Qe2 Qc8 14. Kh2 Bd6 15. Ne1 h6
16. f4 exf4 17. gxf4 Re8 18. Qf2 Nh5 19. e5 Bc7 20. Bd5 Nxf4 21. Bxf7+ Kxf7 22.
Qxf4+ Kg8 23. Qf7+ Kh8 24. Rg1 Re7 25. Qf1 Rxe5 0-1

[Event "3MCR_4D_2LB_4S"]
[Site "?"]
[Date "1999.??.??"]
[Round "4"]
[White "Rachunek, Martin"]
[Black "Jirusek, Zdenek"]
[Result "1-0"]
[WhiteElo "2000"]
[BlackElo "1990"]
[PlyCount "49"]
[EventDate "1999.??.??"]
[EventType "corr"]

1. d4 Nf6 2. Nc3 d5 3. Bg5 Bf5 4. f3 Nbd7 5. Nxd5 Nxd5 6. e4 h6 7. Bh4 N7b6 8.
Qd2 g5 9. Bg3 e6 10. exf5 exf5 11. O-O-O f4 12. Bf2 Be7 13. h4 O-O 14. Nh3 gxh4
15. c4 Ne3 16. Bxe3 fxe3 17. Qxe3 Bg5 18. Nxg5 hxg5 19. Qe4 Re8 20. Qg4 Qe7 21.
Rxh4 Qe3+ 22. Kb1 f5 23. Qg3 Re7 24. Rh5 Rg7 25. c5 1-0

[Event "3MCR_4D_2LB_4S"]
[Site "?"]
[Date "1999.??.??"]
[Round "4"]
[White "Jirusek, Zdenek"]
[Black "Kolomaznik, Milan"]
[Result "1-0"]
[WhiteElo "1990"]
[BlackElo "1800"]
[PlyCount "59"]
[EventDate "1999.??.??"]
[EventType "corr"]

1. e4 e5 2. Nf3 Nc6 3. d4 exd4 4. c3 dxc3 5. Nxc3 Bb4 6. Bc4 Bxc3+ 7. bxc3 d6
8. O-O Nf6 9. e5 dxe5 10. Qe2 O-O 11. Ba3 Re8 12. Rad1 Bd7 13. Ng5 Qc8 14. Nxf7
Be6 15. Ng5 h6 16. Nxe6 Rxe6 17. f4 Kh8 18. Bxe6 Qxe6 19. fxe5 Qxe5 20. Qxe5
Nxe5 21. Bc1 c6 22. Bxh6 Nd5 23. Bf4 Ng4 24. Rf3 Re8 25. h3 Ngf6 26. c4 Nxf4
27. Rxf4 Re2 28. Rf2 Re4 29. c5 Rc4 30. Rb1 1-0

[Event "3MCR_4D_2LB_4S"]
[Site "?"]
[Date "1999.??.??"]
[Round "4"]
[White "Basta, Josef"]
[Black "Kolomaznik, Milan"]
[Result "0-1"]
[WhiteElo "1600"]
[BlackElo "1800"]
[PlyCount "42"]
[EventDate "1999.??.??"]
[EventType "corr"]

1. d4 Nf6 2. c4 g6 3. Nc3 Bg7 4. e4 d6 5. Nf3 O-O 6. Bg5 Nbd7 7. Bd3 e5 8. dxe5
dxe5 9. Nd5 c6 10. Nxf6+ Bxf6 11. Bh6 Bg7 12. Qd2 Nc5 13. Rd1 Nxd3+ 14. Ke2
Bxh6 15. Qxd3 Qxd3+ 16. Rxd3 Bg4 17. h3 Bxf3+ 18. Kxf3 Rfd8 19. Rhd1 Rxd3+ 20.
Rxd3 Kf8 21. Rd7 Re8 0-1

[Event "3MCR_4D_2LB_4S"]
[Site "?"]
[Date "1999.??.??"]
[Round "4"]
[White "Jech, Milos"]
[Black "Chvojka, Jaroslav"]
[Result "1/2-1/2"]
[WhiteElo "1800"]
[BlackElo "2065"]
[PlyCount "85"]
[EventDate "1999.??.??"]
[EventType "corr"]

1. e4 c6 2. d4 d5 3. Nc3 dxe4 4. Nxe4 Bf5 5. Ng3 Bg6 6. Nf3 Nd7 7. h4 h6 8. h5
Bh7 9. Bd3 Bxd3 10. Qxd3 Ngf6 11. Bd2 e6 12. O-O-O Be7 13. Rde1 O-O 14. Kb1 c5
15. Qe2 cxd4 16. Nxd4 Qb6 17. Be3 Bc5 18. Nb3 Bxe3 19. Qxe3 Qc6 20. Ne4 Rfc8
21. Nxf6+ Nxf6 22. Nd4 Qd5 23. Qe5 Rc5 24. Qxd5 Rxd5 25. Nf3 Nxh5 26. c4 Rf5
27. Nd4 Rxf2 28. Rxh5 Rd8 29. Nb3 Rxg2 30. Rc5 Rd7 31. Rc8+ Kh7 32. Ra8 b6 33.
Kc1 Rc7 34. Nd2 Kg6 35. a4 Rg4 36. Rd8 Rg3 37. Kd1 Rg2 38. Rf1 f6 39. Ke1 Kf7
40. Rf3 e5 41. Rfd3 Ke7 42. Kf1 Rh2 43. Kg1 1/2-1/2

[Event "3MCR_4D_2LB_4S"]
[Site "?"]
[Date "1999.??.??"]
[Round "4"]
[White "Jech, Milos"]
[Black "Kolomaznik, Milan"]
[Result "1-0"]
[WhiteElo "1800"]
[BlackElo "1800"]
[PlyCount "71"]
[EventDate "1999.??.??"]
[EventType "corr"]

1. e4 e5 2. Nf3 Nc6 3. Bb5 Nd4 4. Nxd4 exd4 5. O-O c6 6. Bc4 d6 7. Re1 Be7 8.
c3 dxc3 9. Qb3 Nh6 10. dxc3 O-O 11. Bxh6 gxh6 12. Nd2 b5 13. Bd3 Kh8 14. Nf1
Be6 15. Qc2 Rg8 16. Kh1 Rg7 17. Ng3 Bh4 18. Nf5 Bxf5 19. exf5 Bf6 20. Qe2 Qb6
21. Rad1 Rag8 22. g3 Rg5 23. Qf1 d5 24. Rd2 h5 25. f3 h4 26. g4 h5 27. h3 hxg4
28. fxg4 Qc7 29. Qf2 R5g7 30. Bf1 Be5 31. f6 Rh7 32. Qf5 Bd6 33. Bd3 Rh6 34.
Rde2 Bf8 35. Re5 Qd6 36. g5 1-0

[Event "3MCR_4D_2LB_4S"]
[Site "?"]
[Date "1999.??.??"]
[Round "4"]
[White "Basta, Josef"]
[Black "Jech, Milos"]
[Result "0-1"]
[WhiteElo "1600"]
[BlackElo "1800"]
[PlyCount "36"]
[EventDate "1999.??.??"]
[EventType "corr"]

1. e4 e6 2. Nf3 d5 3. exd5 exd5 4. d4 Nf6 5. Bd3 Bd6 6. O-O O-O 7. Nc3 Be6 8.
Ng5 Nbd7 9. Nxe6 fxe6 10. Re1 Re8 11. Qf3 c6 12. Bg5 Qc7 13. g3 Rac8 14. Ne2 e5
15. dxe5 Nxe5 16. Qf5 Nxd3 17. cxd3 Re5 18. Qf4 Rxe2 0-1

[Event "3MCR_4D_2LB_4S"]
[Site "?"]
[Date "1999.??.??"]
[Round "4"]
[White "Jirk, Ales"]
[Black "Jech, Milos"]
[Result "1-0"]
[WhiteElo "1800"]
[BlackElo "1800"]
[PlyCount "55"]
[EventDate "1999.??.??"]
[EventType "corr"]

1. e4 c5 2. Nf3 e6 3. d4 cxd4 4. Nxd4 Nf6 5. Nc3 d6 6. g4 a6 7. g5 Nfd7 8. h4
Be7 9. Be3 Qc7 10. f4 Nc6 11. h5 b5 12. a3 Nxd4 13. Qxd4 e5 14. Qd2 Bb7 15. f5
Nc5 16. Bg2 O-O-O 17. O-O-O Kb8 18. Kb1 Rc8 19. h6 g6 20. f6 Bd8 21. Qxd6 Qxd6
22. Rxd6 Ba5 23. Nd5 Rhd8 24. Rxd8 Bxd8 25. Rd1 Ne6 26. Bh3 Ba5 27. Bxe6 fxe6
28. Nb6 1-0

[Event "3MCR_4D_2LB_4S"]
[Site "?"]
[Date "1999.??.??"]
[Round "4"]
[White "Rachunek, Martin"]
[Black "Basta, Josef"]
[Result "1-0"]
[WhiteElo "2000"]
[BlackElo "1600"]
[PlyCount "37"]
[EventDate "1999.??.??"]
[EventType "corr"]

1. d4 d6 2. e4 c6 3. f4 Nf6 4. Nc3 g6 5. Nf3 Bg7 6. Bd3 Bg4 7. h3 Bxf3 8. Qxf3
O-O 9. Be3 Nbd7 10. O-O Nb6 11. f5 e6 12. Rae1 d5 13. e5 Nfd7 14. f6 Bh8 15.
Qf4 Rc8 16. h4 c5 17. h5 Qe8 18. Nb5 Rc7 19. Nxc7 1-0